Introduction to positive economics (Record no. 5640)

000 -LEADER
fixed length control field 00453nam a22001817a 4500
001 - CONTROL NUMBER
control field 5640
003 - CONTROL NUMBER IDENTIFIER
control field BD-DhUET
008 - FIXED-LENGTH DATA ELEMENTS--GENERAL INFORMATION
fixed length control field 141127b xxu||||| |||| 00| 0 eng d
040 ## - CATALOGING SOURCE
Transcribing agency 0
Modifying agency BD-DhUET
082 ## - DEWEY DECIMAL CLASSIFICATION NUMBER
Classification number 330
Item number LIP/1971
100 ## - MAIN ENTRY--PERSONAL NAME
Personal name Lipsey, Richard G.
245 ## - TITLE STATEMENT
Title Introduction to positive economics
250 ## - EDITION STATEMENT
Edition statement 3rd ed.
260 ## - PUBLICATION, DISTRIBUTION, ETC. (IMPRINT)
Name of publisher, distributor, etc. English Language Book
Place of publication, distribution, etc. Hampshire
Date of publication, distribution, etc. 1971
300 ## - PHYSICAL DESCRIPTION
Extent xx, 740 p.
Other physical details ill.
Dimensions 26 cm.
650 #0 - SUBJECT ADDED ENTRY--TOPICAL TERM
Topical term or geographic name as entry element Economics
942 ## - ADDED ENTRY ELEMENTS (KOHA)
Koha item type General Book
Holdings
Koha normalized classification for sorting Date acquired Koha collection Price effective from Shelving location Damaged status Copy number Piece designation (barcode) Koha date last seen Sublocation or collection (holding branch) Location (home branch) Not for loan Withdrawn status Koha item type Lost status Koha full call number Source of classification or shelving scheme
330LIP19712014-11-27 2014-11-27Circulation section 1236932014-11-27Central Library, BUETCentral Library, BUET  General Book 330/LIP/1971 
330LIP19712014-11-27 2014-11-27Circulation section 2237022014-11-27Central Library, BUETCentral Library, BUET  General Book 330/LIP/1971 
330_000000000000000_LIP_19712015-01-27 2015-01-27Circulation section 3236892015-01-27Central Library, BUETCentral Library, BUET  General Book 330/LIP/1971 
330_000000000000000_LIP_19712015-01-27 2015-01-27Circulation section 4236842015-01-27Central Library, BUETCentral Library, BUET  General Book 330/LIP/1971 
330_000000000000000_LIP_19712015-01-27 2015-01-27Circulation section 5237102015-01-27Central Library, BUETCentral Library, BUET  General Book 330/LIP/1971 
330_000000000000000_LIP_19712015-01-27 2015-01-27Circulation section 6237132015-01-27Central Library, BUETCentral Library, BUET  General Book 330/LIP/1971 
330_000000000000000_LIP_19712015-01-27 2015-01-27Cataloging section 7236902015-01-27Central Library, BUETCentral Library, BUET  General Book 330/LIP/1971 
330_000000000000000_LIP_19712015-01-27 2015-01-27Circulation section 8236982015-01-27Central Library, BUETCentral Library, BUET  General Book 330/LIP/1971 
330_000000000000000_LIP_19712015-01-27 2015-01-27Circulation section 9236852015-01-27Central Library, BUETCentral Library, BUET  General Book 330/LIP/1971 
330_000000000000000_LIP_19712015-01-27 2015-01-27Circulation section 10237122015-01-27Central Library, BUETCentral Library, BUET  General Book 330/LIP/1971 
330_000000000000000_LIP_19712015-01-28Non Fiction2015-01-28Circulation section 4236772015-01-28Central Library, BUETCentral Library, BUET  General Book 330/LIP/1971 
330_000000000000000_LIP_19712015-01-28Non Fiction2015-01-28Circulation section 30237062015-01-28Central Library, BUETCentral Library, BUET  General Book 330/LIP/1971 
330_000000000000000_LIP_19712015-01-28Non Fiction2015-01-28Circulation section 29237052015-01-28Central Library, BUETCentral Library, BUET  General Book 330/LIP/1971 
330_000000000000000_LIP_19712015-01-28Non Fiction2015-01-28Circulation section 16236802015-01-28Central Library, BUETCentral Library, BUET  General Book 330/LIP/1971 
330_000000000000000_LIP_19712015-04-20 2015-04-20Circulation section 15236912015-04-20Central Library, BUETCentral Library, BUET  General Book 330/LIP/1971